Obálka
Pro půjčování e-knih musíte být přihlášeni.
Jak si půjčit online?

Ty chladné oči /

Co jsou lidé ochotni udělat pro své bezpečí a svou rodinu? V románu autorka zpracovává málo reflektované téma nedávné minulosti - téma donucené kolaborace s nacistickým režimem během 2. světové války.

Uloženo v:
Hlavní autor: Wilková, Scarlett, 1969- (Autor)
Další autoři: Tůma, Daniel, 1978- (Autor), Čárová, Dagmar, 1958- (Režisér)
Médium: E-audiokniha
Jazyk:Czech
Vydáno: Praha : Voxi, [2023]
Témata:
Tagy:
Žádné tagy
LEADER 05028nim a2200961 i 4500
001 313189
003 CZ PrSKC
005 20260601215737.0
007 sd fungnnmmned
008 231221t20232023xr nnnng f n cze
015 |a cnb003579832 
024 3 |a 8594050437012 
040 |a ABA001  |b cze  |e rda 
072 7 |a 821.162.3-3  |x Česká próza  |2 Konspekt 
080 |a 821.162.3-31  |2 MRF 
080 |a (0:82-31)  |2 MRF 
080 |a (086.7)08  |2 MRF 
080 |a (086.76)  |2 MRF 
100 1 |a Wilková, Scarlett,  |d 1969-  |7 xx0067867  |4 aut 
245 1 0 |a Ty chladné oči /  |c Scarlett Wilková 
264 1 |a Praha :  |b Voxi,  |c [2023] 
264 4 |c ©2023 
300 |a 1 audiodisk (9 hod., 17 min.) ;  |c 12 cm 
306 |a 091700 
336 |a mluvené slovo  |b spw  |2 rdacontent 
337 |a audio  |b s  |2 rdamedia 
338 |a audiodisk  |b sd  |2 rdacarrier 
344 |a digital  |b optical  |2 rda 
347 |a audio soubor  |b MP3  |2 rda 
500 |a Název z disku 
500 |a Copyright Albatros Media 
500 |a Nezkrácená audiokniha ve formátu mp3 
500 |a Podle stejnojmenné knihy vydané nakladatelstvím Motto v roce 2023 
508 |a Režie Daniel Tůma 
511 0 |a Čte Dagmar Čárová 
520 2 |a Co jsou lidé ochotni udělat pro své bezpečí a svou rodinu? V románu autorka zpracovává málo reflektované téma nedávné minulosti - téma donucené kolaborace s nacistickým režimem během 2. světové války.  |b Válka hraje s lidmi krutou šachovou partii, pěšáci se promíchají, na barvě uniformy tolik nesejde. Během nacistické okupace Smolenska se setkají okouzlující ruská dívka Neonila a český mladík Emil donucený bojovat za wehrmacht. Když se spolu po válce usadí v Československu, vznáší se nad nimi stigma kolaborace, a tak jim nezbývá než opatrný život ve strachu. Utají svou minulost a dokážou se po tom, co zažili, dívat na svět i jinak než chladnýma očima? A může strach ospravedlnit krutost spáchanou na jiných? Nakladatelská anotace. 
655 7 |a české romány  |7 fd133974  |2 czenas 
655 7 |a audioknihy  |7 fd119452  |2 czenas 
655 7 |a kompaktní disky  |7 fd201991  |2 czenas 
700 1 |a Tůma, Daniel,  |d 1978-  |7 xx0131764  |4 drt 
700 1 |a Čárová, Dagmar,  |d 1958-  |7 xx0157816  |4 nrt 
900 |a ABA001  |b 18 
044 |a xr 
505 0 0 |t 01_Uvod (12 min., 20 sek.) 
505 0 0 |t 02_Cast prvni_Kapitola prvni (19 min., 27 sek.) 
505 0 0 |t 03_Cast prvni_Kapitola druha (17 min., 58 sek.) 
505 0 0 |t 04_Cast prvni_Kapitola treti (11 min., 50 sek.) 
505 0 0 |t 05_Cast prvni_Kapitola ctvrta (12 min., 22 sek.) 
505 0 0 |t 06_Cast prvni_Kapitola pata (15 min., 14 sek.) 
505 0 0 |t 07_Cast prvni_Kapitola sesta (8 min., 47 sek.) 
505 0 0 |t 08_Cast prvni_Kapitola sedma (10 min., 7 sek.) 
505 0 0 |t 09_Cast prvni_Kapitola osma (14 min., 1 sek.) 
505 0 0 |t 10_Cast prvni_Kapitola devata (16 min., 50 sek.) 
505 0 0 |t 11_Cast prvni_Kapitola desata (11 min., 31 sek.) 
505 0 0 |t 12_Cast prvni_Kapitola jedenacta (13 min., 29 sek.) 
505 0 0 |t 13_Cast prvni_Kapitola dvanacta (11 min., 30 sek.) 
505 0 0 |t 14_Cast prvni_Kapitola trinacta (19 min., 22 sek.) 
505 0 0 |t 15_Cast prvni_Kapitola ctrnacta (10 min., 47 sek.) 
505 0 0 |t 16_Cast prvni_Kapitola patnacta (7 min., 19 sek.) 
505 0 0 |t 17_Cast prvni_Kapitola sestnacta (8 min., 49 sek.) 
505 0 0 |t 18_Cast prvni_Kapitola sedmnacta (11 min., 16 sek.) 
505 0 0 |t 19_Cast prvni_Kapitola osmnacta (11 min., 0 sek.) 
505 0 0 |t 20_Cast prvni_Kapitola devatenacta (14 min., 42 sek.) 
505 0 0 |t 21_Cast prvni_Kapitola dvacata (9 min., 58 sek.) 
505 0 0 |t 22_Cast druha_Kapitola prvni (16 min., 21 sek.) 
505 0 0 |t 23_Cast druha_Kapitola druha (19 min., 59 sek.) 
505 0 0 |t 24_Cast druha_Kapitola treti (10 min., 2 sek.) 
505 0 0 |t 25_Cast druha_Kapitola ctvrta (10 min., 4 sek.) 
505 0 0 |t 26_Cast druha_Kapitola pata (8 min., 59 sek.) 
505 0 0 |t 27_Cast druha_Kapitola sesta (10 min., 3 sek.) 
505 0 0 |t 28_Cast druha_Kapitola sedma (11 min., 9 sek.) 
505 0 0 |t 29_Cast druha_Kapitola osma (14 min., 52 sek.) 
505 0 0 |t 30_Cast treti_Kapitola prvni (13 min., 55 sek.) 
505 0 0 |t 31_Cast treti_Kapitola druha (11 min., 4 sek.) 
505 0 0 |t 32_Cast treti_Kapitola treti (19 min., 57 sek.) 
505 0 0 |t 33_Cast treti_Kapitola ctvrta (12 min., 40 sek.) 
505 0 0 |t 34_Cast treti_Kapitola pata (10 min., 26 sek.) 
505 0 0 |t 35_Cast treti_Kapitola sesta (11 min., 59 sek.) 
505 0 0 |t 36_Cast treti_Kapitola sedma (11 min., 13 sek.) 
505 0 0 |t 37_Cast treti_Kapitola osma (35 min., 40 sek.) 
910 |a RBIT002 
998 |d 391251  |a https://core.palmknihy.cz/api/books/391251/cover?shcg57  |b https://core.palmknihy.cz/api/books/391251/cover/400?shcg57  |c https://core.palmknihy.cz/api/books/391251/cover/50?shcg57  |e 2033-12-31  |i 8594050437012  |l 33420  |q 49  |r 1  |s https://www.palmknihy.cz/kniha/391251  |t audiobook  |y 2023  |z 0 
999 |d 313187